Temas básicos de ética
Uloženo v:
| Hlavní autor: | |
|---|---|
| Médium: | Kniha |
| Jazyk: | španělština |
| Vydáno: |
Bilbao
Desclée
2005
|
| Vydání: | 3a. ed |
| Edice: | Etica de las Profesiones
|
| Témata: | |
| Tagy: |
Přidat tag
Žádné tagy, Buďte první, kdo vytvoří štítek k tomuto záznamu!
|
MARC
| LEADER | 00000nam a2200000 a 4500 | ||
|---|---|---|---|
| 001 | UCI8672 | ||
| 003 | CL-VaPUC | ||
| 008 | 080922e20050000SP |||||||||||||||||spa|d | ||
| 020 | |a 8433016679 | ||
| 082 | 0 | 4 | |a 170 |b ETX |2 21 |
| 100 | |a Etxeberria, Xabier |e author |9 438419 | ||
| 245 | 1 | 0 | |a Temas básicos de ética |
| 250 | |a 3a. ed | ||
| 300 | |a 207 p | ||
| 942 | |c BK | ||
| 945 | |d 20080922 00:00:00 |a rbrito | ||
| 260 | |a Bilbao |b Desclée |c 2005 | ||
| 650 | 0 | |a Ética |9 255099 | |
| 650 | 0 | |a Valores morales |9 310604 | |
| 650 | 0 | |a Etica profesional |9 255694 | |
| 650 | 0 | |a Moral |9 265913 | |
| 650 | 0 | |a Responsabilidad social |9 339076 | |
| 650 | 0 | |a Formación moral |9 351605 | |
| 650 | 0 | |a Sociedad |9 307903 | |
| 650 | 0 | |a Felicidad |9 257029 | |
| 650 | 0 | |a Religión |9 255164 | |
| 650 | 0 | |a Ley natural |9 321617 | |
| 650 | 0 | |a Autonomía |9 374048 | |
| 650 | 0 | |a Justicia |9 255408 | |
| 650 | 0 | |a Solidaridad |9 259208 | |
| 650 | 0 | |a Conciencia |9 309452 | |
| 583 | |a last modification |c 20080922 00:00:00 |k Rodrigo Vera | ||
| 490 | 0 | |a Etica de las Profesiones | |
| 999 | |c 331488 |d 331486 | ||
| 952 | |0 0 |1 0 |4 0 |6 170_000000000000000_ETX_2005 |7 0 |8 A |9 418188 |a BIBTEO |b BIBTEO |d 2019-11-22 |i 4483049 |o 170 ETX 2005 |p 4483049 |r 2025-01-17 |w 2019-11-22 |y BK |k ICR | ||